Movies Quiz

Random Movies or Oscar Quiz
Score 0/30 Timer 12:00
0 Plays Today
Year, main cast Movie % Correct
2001 (Elijah Wood, Ian McKellen, Orlando Bloom, Cate Blanchett)The Lord of the Rings: The Fellowship of the Ring
95.1%
2003 (Elijah Wood, Ian McKellen, Viggo Mortensen, Cate Blanchett)The Lord of the Rings: The Return of the King
95.1%
2002 (Elijah Wood, Ian McKellen, Viggo Mortensen, Cate Blanchett)The Lord of the Rings: The Two Towers
92.7%
2003 (Johnny Depp, Geoffrey Rush, Orlando Bloom, Keira Knightley)Pirates of the Caribbean: The Curse of the Black Pearl
87.8%
2014 (Ian McKellen, Martin Freeman)The Hobbit: the Battle of the Five Armies
82.9%
2003 (Russell Crowe, Paul Bettany, Billy Boyd)Master and Commander: The Far Side of the World
80.5%
2007 (Johnny Depp, Helena Bonham Carter, Alan Rickman)Sweeney Todd: The Demon Barber of Fleet Street
78%
2010 (Daniel Radcliffe, Emma Watson, Rupert Grint, Bill Nighy, Julie Walters)Harry Potter and the Deathly Hallows - Part 1
78%
2011 (Daniel Radcliffe, Emma Watson, Rupert Grint, John Hurt, Ralph Fiennes)Harry Potter and the Deathly Hallows - Part 2
78%
1964 (Peter Sellers, George C Scott, Sterling Hayden)Dr Strangelove or: How I Learned to Stop Worrying and Love the Bomb
75.6%
2002 (Hayden Christensen, Natalie Portman, Ewan McGregor, Christopher Lee, Samuel L Jackson, Frank Oz)Star Wars: Episode II - Attack of the Clones
75.6%
2005 (Hayden Christensen, Natalie Portman, Ewan McGregor, Christopher Lee, Samuel L Jackson, Frank Oz)Star Wars: Episode III - Revenge of the Sith
75.6%
2006 (Sacha Baron Cohen, Ken Davitian)Borat: Cultural Learnings of America for Make Benefit Glorious Nation of Kazakhstan
75.6%
2007 (Brad Pitt, Casey Affleck, Sam Shepard, Mary Louise Parker)The Assassination of Jesse James by the Coward Robert Ford
75.6%
2005 (Tilda Swinton, Georgie Henley, Jim Broadbent)The Chronicles of Narnia: The Lion, the Witch and the Wardrobe
58.5%
Year, main cast Movie % Correct
1994 (Hugo Weaving, Guy Pearce, Terence Stamp)The Adventures of Priscilla: Queen of the Desert
53.7%
1966 (Zero Mostel, Phil Silvers, Michael Crawford, Buster Keaton)A Funny Thing Happened on the Way to the Forum
39%
1971 (Dustin Hoffman, Barbara Harris, Jack Warden)Who is Harry Kellerman and Why is he Saying Those Terrible Things About Me?
36.6%
1966 (Carl Reiner, Eva Marie Saint, Alan Arkin)The Russians are Coming! The Russians are Coming!
34.1%
1984 (Christopher Lambert, Andie MacDowell, Ian Holm, Ralph Richardson)Greystoke: the Legend of Tarzan, Lord of the Apes
31.7%
1988 (Carmen Maura, Antonio Banderas)Women on the Verge of a Nervous Breakdown
31.7%
1932 (Paul Muni, Glenda Farrell)I am a Fugitive from a Chain Gang
26.8%
1965 (Richard Burton, Claire Bloom, Oskar Werner)The Spy Who Came in From the Cold
19.5%
1972 (Paul Newman, Ava Gardner, Roy Jenson)The Life and Times of Judge Roy Bean
14.6%
2015 (Robert Gustafsson, Iwar Wiklander)The 100 Year Old Man Who Climbed out the Window and Disappeared
14.6%
1960 (Robert Preston, Dorothy McGuire, Eve Arden, Angela Lansbury)The Dark at the Top of the Stairs
7.3%
1977 (Richard Chamberlain, Gemma Craven, Edith Evans)The Slipper and the Rose - The Story of Cinderella
7.3%
1958 (John Gavin, Liselotte Pulver)A Time to Love and a Time to Die
4.9%
1966 (Tony Tanner, Millicent Martin)Stop the World - I Want to Get Off
4.9%
1974 (David Hartman, Donald Sinden)The Island at the Top of the World
2.4%
Remove Ads.
Support Sporcle.
Get the best of Sporcle when you Go Orange. This ad-free experience offers more features, more stats, and more fun while also helping to support Sporcle. Thank you for becoming a member.

You're not logged in!

Compare scores with friends on all Sporcle quizzes.
OR
Log In

Sporcle TV

Today on Sporcle TV


Watch our educational content, quiz creation guides, and fun videos on Sporcle TV.

Show Comments

Extras

Top Quizzes Today


Score Distribution

Paid Content

Your Account Isn't Verified!

In order to create a playlist on Sporcle, you need to verify the email address you used during registration. Go to your Sporcle Settings to finish the process.

Report this User

Report this user for behavior that violates our Community Guidelines.

Details: